000 00283pam a2200157 a 4500
020 _c
041 _h
100 _aSalim Ali
245 _aCommon Birds
250 _aIst
260 _c1967
300 _a126
653 _aZoology
700 _aLaeeq Futehally
930 _a920
999 _c246773
_d246773